[Event "Winnipeg TNT June op"]
[Site "Winnipeg CAN"]
[Date "1999.06.22"]
[Round "4"]
[White "Klokow, John"]
[Black "Moffat, Ron"]
[Result "1-0"]
[WhiteElo "1722"]
[BlackElo "1685"]
[PlyCount "151"]
[GameId "2160767911808929"]
[EventDate "1999.06.01"]
[EventType "swiss"]
[EventRounds "4"]
[EventCountry "CAN"]
[SourceTitle "EXT 2022"]
[Source "ChessBase"]
[SourceDate "2021.10.06"]
[SourceVersion "1"]
[SourceVersionDate "2021.10.06"]
[SourceQuality "1"]

1. e4 c5 2. Nf3 e6 3. d4 cxd4 4. Nxd4 a6 5. Bc4 Nf6 6. e5 Qa5+ 7. Nc3 Qxe5+ 8. Be3 b5 9. Bb3 Bb7 10. O-O Bd6 11. g3 b4 12. Bf4 Qc5 13. Nxe6 fxe6 14. Bxd6 Qc6 15. Nd5 Nxd5 16. Qh5+ g6 17. Qe5 Nf6 18. f3 Kf7 19. Rae1 Re8 20. Re4 Qb5 21. Rf4 Qxe5 22. Bxe5 Nc6 23. Bxf6 a5 24. Rd1 d5 25. Ba4 Kg8 26. Bg5 Rf8 27. Rxf8+ Rxf8 28. Bxc6 Bxc6 29. Kf2 Kg7 30. Be3 e5 31. Bc5 Rc8 32. Bb6 Bb7 33. Rd2 Ra8 34. Ke3 Ra6 35. Bc7 Kf6 36. f4 e4 37. c3 Ke6 38. cxb4 axb4 39. Rd4 Kd7 40. Be5 Rb6 41. b3 Ke6 42. g4 Ba6 43. Bc7 Rc6 44. Rxb4 Rc3+ 45. Kd2 Rd3+ 46. Kc2 e3 47. Rb6+ Kd7 48. Rxa6 e2 49. Ba5 Rd1 50. Ra7+ Kd6 51. Bb4+ Kc6 52. Re7 Ra1 53. Rxe2 Rxa2+ 54. Kd3 Ra1 55. Bc3 Ra3 56. Rb2 Ra1 57. b4 Rf1 58. b5+ Kb6 59. Bd4+ Kb7 60. Be5 Kb6 61. Kd4 Rd1+ 62. Kc3 Rc1+ 63. Rc2 Rd1 64. Rd2 Rc1+ 65. Kd4 Rc5 66. f5 gxf5 67. gxf5 Rxb5 68. f6 Kc6 69. f7 Rb8 70. Rf2 Rb4+ 71. Kc3 Rc4+ 72. Kb3 Re4 73. f8=Q Rxe5 74. Rf6+ Kb5 75. Qb8+ Kc5 76. Qxe5 1-0

[Event "Winnipeg TNT June op"]
[Site "Winnipeg CAN"]
[Date "1999.06.22"]
[Round "4"]
[White "Schulz, Manfred1"]
[Black "Milord, Frank"]
[Result "1/2-1/2"]
[WhiteElo "1962"]
[BlackElo "1739"]
[PlyCount "78"]
[GameId "2160767911808930"]
[EventDate "1999.06.01"]
[EventType "swiss"]
[EventRounds "4"]
[EventCountry "CAN"]
[SourceTitle "EXT 2022"]
[Source "ChessBase"]
[SourceDate "2021.10.06"]
[SourceVersion "1"]
[SourceVersionDate "2021.10.06"]
[SourceQuality "1"]

1. e4 c5 2. Nf3 Nc6 3. d4 cxd4 4. Nxd4 Nf6 5. Nc3 e5 6. Ndb5 d6 7. Bg5 a6 8. Na3 b5 9. Nd5 Qa5+ 10. Bd2 Qd8 11. Bg5 Qa5+ 12. Bd2 Qd8 13. Nxf6+ Qxf6 14. c3 Qg6 15. Qf3 Be7 16. Bd3 O-O 17. O-O Be6 18. Nc2 Rac8 19. Ne3 Bg5 20. Qe2 Bh3 21. Qf3 Be6 22. a4 Bxe3 23. Qxe3 Bc4 24. axb5 axb5 25. Ra3 d5 26. Bxc4 dxc4 27. Ra6 Rfd8 28. f4 Rd3 29. Qe1 Qd6 30. Be3 exf4 31. Bxf4 Qc5+ 32. Qf2 Qh5 33. Rb6 Nd8 34. e5 Rd5 35. Rd6 Rxd6 36. exd6 Qd5 37. Qg3 Ne6 38. Qf3 Nxf4 39. Qxf4 Rd8 1/2-1/2

[Event "Winnipeg TNT March op"]
[Site "Winnipeg CAN"]
[Date "1999.03.02"]
[Round "1"]
[White "Charter, Bennet"]
[Black "Gibbons, Lorne"]
[Result "1-0"]
[WhiteElo "1651"]
[BlackElo "1421"]
[PlyCount "61"]
[GameId "2160767911805587"]
[EventDate "1999.03.02"]
[EventType "swiss"]
[EventRounds "4"]
[EventCountry "CAN"]

1. e4 e5 2. Nf3 Nc6 3. Bb5 Nge7 4. O-O d6 5. h3 h6 6. c3 f5 7. Qe2 a6 8. Ba4 b5 9. Bc2 fxe4 10. Bxe4 Bf5 11. Bxf5 Nxf5 12. Qe4 Qd7 13. d4 d5 14. Qe2 e4 15. Bf4 Bd6 16. Bxd6 Qxd6 17. Re1 O-O-O 18. Nh2 Rhf8 19. a4 Na7 20. axb5 Nxb5 21. Na3 Nxa3 22. Rxa3 Rf6 23. Rea1 Qf4 24. Rxa6 Nd6 25. Qg4+ Qxg4 26. Nxg4 Re6 27. Ne5 Kb7 28. c4 dxc4 29. Nxc4 Rd7 30. d5 Rf6 31. Ra7+ 1-0

[Event "Winnipeg TNT March op"]
[Site "Winnipeg CAN"]
[Date "1999.03.02"]
[Round "1"]
[White "Gibson, Kris"]
[Black "Remillard, John"]
[Result "0-1"]
[WhiteElo "1708"]
[BlackElo "1549"]
[PlyCount "104"]
[GameId "2160767911805588"]
[EventDate "1999.03.02"]
[EventType "swiss"]
[EventRounds "4"]
[EventCountry "CAN"]

1. e4 e5 2. d4 exd4 3. Nf3 Nc6 4. Bc4 Bb4+ 5. c3 dxc3 6. Nxc3 Bxc3+ 7. bxc3 Qf6 8. Qe2 Qxc3+ 9. Nd2 Nd4 10. Qh5 Ne6 11. Rb1 Nf6 12. Qh4 Qa5 13. O-O Qg5 14. Qh3 d6 15. Nb3 Qg6 16. Ba3 Nd4 17. Qc3 Nc6 18. Rfe1 O-O 19. e5 Nxe5 20. Bf1 Nd5 21. Qc1 Nf3+ 22. Kh1 Nxe1 23. Qxe1 Bf5 24. Rc1 Rfe8 25. Qd2 c6 26. Nd4 Re7 27. Nxc6 bxc6 28. Rxc6 Rd7 29. Qxd5 Be4 30. Qb5 Bxc6 31. Qxc6 Qb1 32. Kg1 Rad8 33. g3 d5 34. Kg2 d4 35. Bc4 Qb7 36. Qxb7 Rxb7 37. Bd3 Re8 38. Bc5 Rd8 39. Kf3 Rd5 40. Be4 Rxc5 41. Bxb7 Ra5 42. h4 Rxa2 43. Be4 Ra3+ 44. Ke2 Rc3 45. Bd3 a5 46. Bb5 Kf8 47. g4 Ke7 48. h5 Kd6 49. Bd3 a4 50. Bxh7 a3 51. Bb1 Ke5 52. g5 a2 0-1

[Event "Winnipeg TNT March op"]
[Site "Winnipeg CAN"]
[Date "1999.03.02"]
[Round "1"]
[White "Tetrault, Charles"]
[Black "Milord, Frank"]
[Result "0-1"]
[WhiteElo "1546"]
[BlackElo "1734"]
[PlyCount "100"]
[GameId "2160767911805589"]
[EventDate "1999.03.02"]
[EventType "swiss"]
[EventRounds "4"]
[EventCountry "CAN"]

1. e4 d6 2. d4 Nf6 3. Nc3 g6 4. Nf3 Bg7 5. Bc4 O-O 6. O-O c6 7. Bg5 Nxe4 8. Nxe4 d5 9. Bb3 dxe4 10. Ne5 Nd7 11. Re1 h6 12. Bf4 g5 13. Bg3 Nxe5 14. dxe5 Qxd1 15. Raxd1 Bf5 16. h3 Rad8 17. Bh2 h5 18. Bc4 e3 19. fxe3 Bxc2 20. Rc1 Be4 21. Rcd1 Bc2 22. Rc1 Rd2 23. Rf1 Be4 24. Rf2 Rxf2 25. Kxf2 Rd8 26. Re1 e6 27. Re2 b5 28. Bb3 a5 29. Bc2 Bxc2 30. Rxc2 Rc8 31. Kf3 a4 32. Ke4 c5 33. b3 axb3 34. axb3 Bf8 35. Bg1 Rd8 36. Rc3 Rd1 37. Bf2 Rd2 38. Kf3 b4 39. Rc4 Rb2 40. e4 Rxb3+ 41. Be3 g4+ 42. Ke2 Rb2+ 43. Kf1 gxh3 44. gxh3 Rh2 45. Bxc5 Bxc5 46. Rxc5 Rxh3 47. Rb5 b3 48. Kg2 Re3 49. Rb4 h4 50. Kf2 h3 0-1

[Event "Winnipeg TNT March op"]
[Site "Winnipeg CAN"]
[Date "1999.03.02"]
[Round "1"]
[White "Weijs, Harry"]
[Black "Schulz, Waldemar"]
[Result "0-1"]
[WhiteElo "1666"]
[BlackElo "2084"]
[PlyCount "84"]
[GameId "2160767911805590"]
[EventDate "1999.03.02"]
[EventType "swiss"]
[EventRounds "4"]
[EventCountry "CAN"]

1. d4 Nf6 2. Bg5 g6 3. Nf3 Bg7 4. Nbd2 d5 5. e3 O-O 6. c4 c5 7. Qb3 cxd4 8. exd4 Nc6 9. cxd5 Nxd5 10. Bc4 Na5 11. Qb5 Nxc4 12. Nxc4 a6 13. Qa5 b5 14. Qxd8 Rxd8 15. Ne3 Bb7 16. O-O f6 17. Nxd5 Bxd5 18. Be3 Bxf3 19. gxf3 f5 20. Rad1 Rac8 21. Rd2 Rd5 22. Rfd1 Kf7 23. f4 e6 24. b3 Bf8 25. Rd3 Ba3 26. Kg2 Ke8 27. R1d2 Kd7 28. f3 Rc6 29. Kg3 Bb4 30. Re2 Rc3 31. Rd1 Bc5 32. Bf2 Bb6 33. Rde1 Rc6 34. Rd1 Bc7 35. h4 Ke7 36. Rde1 Kf7 37. Bg1 h6 38. Re5 Bxe5 39. fxe5 Rc3 40. Re3 Rc1 41. Bf2 Rxd4 42. f4 g5 0-1

[Event "Winnipeg TNT March op"]
[Site "Winnipeg CAN"]
[Date "1999.03.09"]
[Round "2"]
[White "Gantzert, Rene"]
[Black "Matwychuk, Norman"]
[Result "1-0"]
[WhiteElo "1720"]
[BlackElo "1440"]
[PlyCount "63"]
[GameId "2160767911805591"]
[EventDate "1999.03.02"]
[EventType "swiss"]
[EventRounds "4"]
[EventCountry "CAN"]

1. d4 e6 2. c4 Nf6 3. Bg5 Be7 4. Nc3 d5 5. e3 Ne4 6. Bxe7 Nxc3 7. Bxd8 Nxd1 8. Bxc7 Na6 9. Be5 f6 10. Bxf6 Nxb2 11. Bxg7 Rg8 12. cxd5 Rxg7 13. dxe6 Bxe6 14. Bxa6 bxa6 15. Ne2 Nd3+ 16. Kf1 Bc4 17. a3 Rf7 18. f3 Rb8 19. Ng3 Rb2 20. Ne4 Nc5+ 21. Kg1 Nxe4 22. Rc1 Rd2 23. h3 Rg7 24. g4 Nd6 25. e4 a5 26. e5 Be2 27. exd6 Bxf3 28. Rh2 Rd7 29. Rxd2 Rxd6 30. Re1+ Kd7 31. Rf1 Rf6 32. Rdf2 1-0

[Event "Winnipeg TNT March op"]
[Site "Winnipeg CAN"]
[Date "1999.03.09"]
[Round "2"]
[White "Milord, Frank"]
[Black "Charter, Bennet"]
[Result "1/2-1/2"]
[WhiteElo "1734"]
[BlackElo "1651"]
[PlyCount "57"]
[GameId "2160767911805592"]
[EventDate "1999.03.02"]
[EventType "swiss"]
[EventRounds "4"]
[EventCountry "CAN"]

1. e4 e6 2. d4 d5 3. Nd2 Nf6 4. e5 Nfd7 5. Bd3 c5 6. c3 Nc6 7. Ne2 cxd4 8. cxd4 f6 9. exf6 Nxf6 10. O-O Bd6 11. Nf3 O-O 12. Bg5 Qb6 13. Bxf6 Rxf6 14. Qc2 Rh6 15. a3 Bd7 16. Qd2 Rf8 17. Ng3 Bxg3 18. fxg3 e5 19. Ng5 Nxd4 20. Rxf8+ Kxf8 21. Qf2+ Nf5 22. Rf1 Qxf2+ 23. Rxf2 e4 24. g4 exd3 25. gxf5 Kg8 26. g4 Rc6 27. Nf3 Rc2 28. Rd2 Rxd2 29. Nxd2 1/2-1/2

[Event "Winnipeg TNT March op"]
[Site "Winnipeg CAN"]
[Date "1999.03.09"]
[Round "2"]
[White "Remillard, John"]
[Black "Greenberg, Harley"]
[Result "1-0"]
[WhiteElo "1549"]
[BlackElo "1728"]
[PlyCount "45"]
[GameId "2160767911805593"]
[EventDate "1999.03.02"]
[EventType "swiss"]
[EventRounds "4"]
[EventCountry "CAN"]

1. e4 c5 2. f4 Nc6 3. Nf3 d6 4. Bc4 Nf6 5. Nc3 Bg4 6. h3 Bxf3 7. Qxf3 a6 8. Nd5 e6 9. Nxf6+ Qxf6 10. c3 b5 11. e5 d5 12. exf6 bxc4 13. fxg7 Bxg7 14. O-O Kd7 15. f5 Ne5 16. Qh5 f6 17. b3 Rag8 18. Ba3 Bf8 19. fxe6+ Kd6 20. Rxf6 Be7 21. Rf5 Rxg2+ 22. Kxg2 Rg8+ 23. Kh1 1-0

[Event "Winnipeg TNT March op"]
[Site "Winnipeg CAN"]
[Date "1999.03.16"]
[Round "3"]
[White "Greenberg, Harley"]
[Black "Milord, Frank"]
[Result "1/2-1/2"]
[WhiteElo "1728"]
[BlackElo "1734"]
[PlyCount "65"]
[GameId "2160767911805594"]
[EventDate "1999.03.02"]
[EventType "swiss"]
[EventRounds "4"]
[EventCountry "CAN"]

1. d4 d5 2. c4 c6 3. Nc3 Nf6 4. Nf3 dxc4 5. a4 e6 6. Bg5 Be7 7. e3 Nbd7 8. Bxc4 O-O 9. O-O Nd5 10. Bxe7 Qxe7 11. e4 Nxc3 12. bxc3 e5 13. Re1 Rb8 14. d5 Nb6 15. d6 Qf6 16. Ba2 Bg4 17. a5 Nd7 18. Re3 Nc5 19. h3 Bxf3 20. Rxf3 Qg6 21. Rf5 Nxe4 22. Qf3 Nxd6 23. Rxe5 Rbe8 24. Rae1 Rxe5 25. Rxe5 h6 26. Qe2 Rd8 27. a6 bxa6 28. Re7 Kf8 29. Rc7 Re8 30. Qxa6 Qf6 31. Qd3 Re1+ 32. Kh2 Qf4+ 33. Qg3 1/2-1/2

[Event "Winnipeg TNT March op"]
[Site "Winnipeg CAN"]
[Date "1999.03.16"]
[Round "3"]
[White "Schulz, Waldemar"]
[Black "Remillard, John"]
[Result "1/2-1/2"]
[WhiteElo "2074"]
[BlackElo "1549"]
[PlyCount "75"]
[GameId "2160767911805595"]
[EventDate "1999.03.02"]
[EventType "swiss"]
[EventRounds "4"]
[EventCountry "CAN"]

1. d4 d5 2. c4 dxc4 3. Nc3 g6 4. Nf3 Bg7 5. e3 Nf6 6. Bxc4 O-O 7. O-O a6 8. a4 c6 9. Bd2 Qc7 10. Qe2 Nbd7 11. a5 b5 12. axb6 Nxb6 13. Bd3 c5 14. Na4 Nxa4 15. Rxa4 cxd4 16. Nxd4 Ng4 17. g3 Ne5 18. Be4 Bb7 19. Bxb7 Qxb7 20. Bc3 Rfd8 21. f3 Nc6 22. Nxc6 Qxc6 23. Rc4 Qb5 24. Bxg7 Kxg7 25. Kf2 Rab8 26. b4 Rdc8 27. Rfc1 Rxc4 28. Rxc4 a5 29. bxa5 Qxa5 30. Rc2 h5 31. Qc4 Rb1 32. Qd4+ e5 33. Qd2 Qa1 34. Ra2 Rf1+ 35. Ke2 Qb1 36. Rb2 Qa1 37. Ra2 Qb1 38. Rb2 1/2-1/2

[Event "Winnipeg TNT March op"]
[Site "Winnipeg CAN"]
[Date "1999.03.23"]
[Round "4"]
[White "Matwychuk, Norman"]
[Black "Greenberg, Harley"]
[Result "0-1"]
[WhiteElo "1440"]
[BlackElo "1728"]
[PlyCount "73"]
[GameId "2160767911805596"]
[EventDate "1999.03.02"]
[EventType "swiss"]
[EventRounds "4"]
[EventCountry "CAN"]

1. e4 e5 2. Nc3 Nf6 3. Bc4 Bc5 4. Nf3 d6 5. d3 h6 6. h3 c6 7. O-O O-O 8. Bd2 Qe7 9. a3 Be6 10. Bxe6 Qxe6 11. Na4 Nbd7 12. Nxc5 Nxc5 13. Be3 Ncd7 14. Qd2 d5 15. Nh4 d4 16. Bxh6 gxh6 17. Qxh6 Nh7 18. Qh5 Kh8 19. f4 Ndf6 20. Qf3 exf4 21. Qxf4 Rg8 22. Nf5 Nh5 23. Qh4 Qg6 24. Qf2 Nf4 25. Qxd4+ f6 26. Nh4 Ne2+ 27. Kh1 Nxd4 28. Nxg6+ Rxg6 29. Rg1 Rg3 30. Raf1 Ne2 31. Kh2 Rag8 32. Rf2 Nxg1 33. h4 R3g4 34. Kxg1 Rxh4 35. c4 Rh3 36. Rd2 Rgg3 37. d4 0-1

[Event "Winnipeg TNT March op"]
[Site "Winnipeg CAN"]
[Date "1999.03.23"]
[Round "4"]
[White "Milord, Frank"]
[Black "Gantzert, Rene"]
[Result "1-0"]
[WhiteElo "1734"]
[BlackElo "1720"]
[PlyCount "65"]
[GameId "2160767911805597"]
[EventDate "1999.03.02"]
[EventType "swiss"]
[EventRounds "4"]
[EventCountry "CAN"]

1. e4 c5 2. Nf3 d6 3. d4 cxd4 4. Nxd4 Nf6 5. Nc3 e6 6. Be2 Be7 7. O-O Nc6 8. Be3 Bd7 9. f4 Nxd4 10. Bxd4 Bc6 11. Bd3 a6 12. a4 O-O 13. a5 d5 14. Bxf6 Bc5+ 15. Kh1 Qxf6 16. e5 Qd8 17. Qh5 g6 18. Qh6 d4 19. Ne4 Bxe4 20. Bxe4 Qc7 21. h4 Rfd8 22. h5 Bf8 23. Qg5 Qe7 24. Qg4 f5 25. exf6 Qxf6 26. hxg6 hxg6 27. Bxg6 Bg7 28. Rfe1 Rd6 29. Re5 Kf8 30. Rae1 Ke7 31. Rf5 Rh8+ 32. Kg1 Rh4 33. Qg3 1-0

[Event "Winnipeg TNT March op"]
[Site "Winnipeg CAN"]
[Date "1999.03.23"]
[Round "4"]
[White "Remillard, John"]
[Black "Charter, Bennet"]
[Result "1/2-1/2"]
[WhiteElo "1549"]
[BlackElo "1651"]
[PlyCount "66"]
[GameId "2160767911805598"]
[EventDate "1999.03.02"]
[EventType "swiss"]
[EventRounds "4"]
[EventCountry "CAN"]

1. b4 e5 2. Bb2 Bxb4 3. Bxe5 Nf6 4. c4 Nc6 5. Bb2 O-O 6. e3 d5 7. cxd5 Nxd5 8. Bc4 Re8 9. Qf3 Ne5 10. Qg3 f6 11. Bxe5 Rxe5 12. Nf3 Re8 13. O-O Be6 14. Qh4 c6 15. Bxd5 Bxd5 16. Qxb4 Bxf3 17. gxf3 Qc7 18. Nc3 Rad8 19. d4 f5 20. Rad1 Rd6 21. Qc4+ Kh8 22. Nb5 Rg6+ 23. Kh1 Qd7 24. Nc3 f4 25. Rg1 Rxg1+ 26. Rxg1 fxe3 27. fxe3 Rxe3 28. Rg3 Qf5 29. Kg2 Qc2+ 30. Kh3 Qf5+ 31. Kg2 Qc2+ 32. Kh3 Qf5+ 33. Kg2 Qc2+ 1/2-1/2

[Event "Winnipeg TNT May op"]
[Site "Winnipeg CAN"]
[Date "1999.05.04"]
[Round "1"]
[White "Cummer, Jeff"]
[Black "Taylor, Gordon2"]
[Result "1-0"]
[WhiteElo "1845"]
[BlackElo "1662"]
[PlyCount "35"]
[GameId "2160767911805115"]
[EventDate "1999.05.04"]
[EventType "swiss"]
[EventRounds "4"]
[EventCountry "CAN"]
[SourceTitle "EXT 2022"]
[Source "ChessBase"]
[SourceDate "2021.10.06"]
[SourceVersion "1"]
[SourceVersionDate "2021.10.06"]
[SourceQuality "1"]

1. e4 e5 2. Nf3 Nc6 3. Bb5 a6 4. Ba4 Nf6 5. O-O b5 6. Bb3 Bc5 7. Nxe5 Nxe5 8. d4 Nxe4 9. dxc5 Qf6 10. Bd5 Nxc5 11. Bxa8 c6 12. f4 Ng6 13. Be3 Ne4 14. Bd4 Qf5 15. g4 Qd5 16. Nc3 Nxc3 17. Bxc3 O-O 18. Qxd5 1-0

[Event "Winnipeg TNT May op"]
[Site "Winnipeg CAN"]
[Date "1999.05.04"]
[Round "1"]
[White "Trueman, Francis"]
[Black "Gibson, Kris"]
[Result "0-1"]
[WhiteElo "1485"]
[BlackElo "1734"]
[PlyCount "136"]
[GameId "2160767911805116"]
[EventDate "1999.05.04"]
[EventType "swiss"]
[EventRounds "4"]
[EventCountry "CAN"]
[SourceTitle "EXT 2022"]
[Source "ChessBase"]
[SourceDate "2021.10.06"]
[SourceVersion "1"]
[SourceVersionDate "2021.10.06"]
[SourceQuality "1"]

1. Nf3 c5 2. g3 e6 3. Bg2 g6 4. d3 Bg7 5. O-O d5 6. Nbd2 Ne7 7. c3 Nbc6 8. Re1 O-O 9. e4 dxe4 10. dxe4 Qc7 11. a4 Bd7 12. Nc4 Rfd8 13. e5 Be8 14. Qe2 Na5 15. Nd6 Nb3 16. Nxe8 Rxe8 17. Rb1 Rad8 18. Bg5 h6 19. Bf6 Bxf6 20. exf6 Nd5 21. Qc4 Na5 22. Qh4 c4 23. Ne5 Rd6 24. Ng4 h5 25. Qg5 hxg4 26. Bxd5 Qd8 27. Be4 e5 28. Bxg6 Qxf6 29. Qxf6 Rxf6 30. Bh5 Nb3 31. Rbd1 Nc5 32. Bxg4 Nd3 33. Re2 Kg7 34. b3 Nc5 35. bxc4 Ra6 36. a5 Rxa5 37. Rd5 f6 38. f4 e4 39. Kf2 b6 40. Ke3 Ra3 41. Kd4 Re7 42. Bf5 e3 43. Bc2 Ra2 44. Rxc5 Rxc2 45. Rc7 Rxc7 46. Rxc2 a5 47. Kxe3 Rxc4 48. Rb2 Rxc3+ 49. Kd2 Rc6 50. f5 a4 51. h4 Rd6+ 52. Kc3 Rc6+ 53. Kb4 Rc5 54. Kxa4 Rxf5 55. Rxb6 Rf3 56. g4 Rh3 57. h5 Rh1 58. g5 Ra1+ 59. Kb5 Rb1+ 60. Kc5 Rxb6 61. Kxb6 fxg5 62. Kc5 Kh6 63. Kd4 Kxh5 64. Ke3 Kg4 65. Kf2 Kh3 66. Kg1 g4 67. Kf2 Kh2 68. Kf1 g3 0-1

[Event "Winnipeg TNT May op"]
[Site "Winnipeg CAN"]
[Date "1999.05.04"]
[Round "1"]
[White "Weijs, Harry"]
[Black "Czypinski, Jaroslaw"]
[Result "0-1"]
[WhiteElo "1660"]
[BlackElo "1944"]
[PlyCount "62"]
[GameId "2160767911805117"]
[EventDate "1999.05.04"]
[EventType "swiss"]
[EventRounds "4"]
[EventCountry "CAN"]
[SourceTitle "EXT 2022"]
[Source "ChessBase"]
[SourceDate "2021.10.06"]
[SourceVersion "1"]
[SourceVersionDate "2021.10.06"]
[SourceQuality "1"]

1. d4 Nf6 2. Nf3 e6 3. Bg5 Be7 4. Nbd2 d5 5. e3 Nbd7 6. Bd3 c5 7. c3 b6 8. Qa4 O-O 9. Qc6 Rb8 10. Qa4 c4 11. Bb1 b5 12. Qc2 g6 13. h4 Nh5 14. g4 Ng7 15. Bxe7 Qxe7 16. h5 e5 17. hxg6 fxg6 18. Rxh7 e4 19. Rxg7+ Kxg7 20. a3 Qf6 21. Nxe4 dxe4 22. Qxe4 Bb7 23. g5 Qf7 24. d5 Bxd5 25. Qd4+ Kg8 26. Bxg6 Qxf3 27. Bh7+ Kxh7 28. Qh4+ Kg8 29. Rd1 Rbe8 30. g6 Rxe3+ 31. Kf1 Qg2# 0-1

[Event "Winnipeg TNT May op"]
[Site "Winnipeg CAN"]
[Date "1999.05.11"]
[Round "2"]
[White "Czypinski, Jaroslaw"]
[Black "Milord, Frank"]
[Result "1-0"]
[WhiteElo "1954"]
[BlackElo "1741"]
[PlyCount "101"]
[GameId "2160767911805118"]
[EventDate "1999.05.04"]
[EventType "swiss"]
[EventRounds "4"]
[EventCountry "CAN"]
[SourceTitle "EXT 2022"]
[Source "ChessBase"]
[SourceDate "2021.10.06"]
[SourceVersion "1"]
[SourceVersionDate "2021.10.06"]
[SourceQuality "1"]

1. e4 e5 2. Bc4 Nf6 3. Nc3 Nc6 4. Nf3 d6 5. d3 Be7 6. Be3 O-O 7. Qd2 Na5 8. Bb3 Nxb3 9. axb3 Ng4 10. Nd5 Nxe3 11. fxe3 f5 12. exf5 Bxf5 13. Nxe7+ Qxe7 14. O-O a6 15. Qb4 b6 16. Rxa6 Rxa6 17. Qc4+ Be6 18. Qxa6 Bd5 19. e4 Ra8 20. Qb5 Ra5 21. Qb4 Bb7 22. Qd2 h6 23. c4 c5 24. Qf2 Bc8 25. Nh4 Kh7 26. Qg3 Qg5 27. Qxg5 hxg5 28. Nf3 Kg6 29. Kf2 Ra2 30. Rb1 Ra7 31. Ke3 g4 32. Nh4+ Kg5 33. g3 Rf7 34. Ra1 g6 35. Ke2 Bb7 36. Ra7 Kf6 37. Ra1 Kg5 38. Ng2 Rh7 39. Rh1 Rf7 40. Ne3 Bc6 41. Nd1 Rf3 42. Ne3 Rf7 43. Ra1 Rb7 44. Ra6 Kh5 45. Nc2 Rb8 46. b4 Be8 47. b5 Bf7 48. Ra7 Be6 49. Re7 Bc8 50. Rc7 Ra8 51. Na3 1-0

[Event "Winnipeg TNT May op"]
[Site "Winnipeg CAN"]
[Date "1999.05.18"]
[Round "3"]
[White "Gibson, Kris"]
[Black "Cummer, Jeff"]
[Result "1-0"]
[WhiteElo "1746"]
[BlackElo "1845"]
[PlyCount "57"]
[GameId "2160767911805119"]
[EventDate "1999.05.04"]
[EventType "swiss"]
[EventRounds "4"]
[EventCountry "CAN"]
[SourceTitle "EXT 2022"]
[Source "ChessBase"]
[SourceDate "2021.10.06"]
[SourceVersion "1"]
[SourceVersionDate "2021.10.06"]
[SourceQuality "1"]

1. e4 Nf6 2. Bc4 Nxe4 3. Bxf7+ Kxf7 4. Qh5+ Kg8 5. Qd5+ e6 6. Qxe4 d5 7. Qe2 Nc6 8. Nf3 Bd6 9. d4 g6 10. h4 h6 11. c4 Bb4+ 12. Nc3 Qf6 13. a3 Bxc3+ 14. bxc3 Bd7 15. c5 b6 16. cxb6 cxb6 17. Ne5 Nxe5 18. dxe5 Qf7 19. Rh3 Rh7 20. Rf3 Qg7 21. c4 dxc4 22. Qe4 Rc8 23. Rf6 Be8 24. Rxe6 g5 25. Be3 Bf7 26. Rf6 Re8 27. Qf5 Rd8 28. hxg5 hxg5 29. Rxf7 1-0

[Event "Winnipeg TNT May op"]
[Site "Winnipeg CAN"]
[Date "1999.05.18"]
[Round "3"]
[White "Milord, Frank"]
[Black "Taylor, Gordon2"]
[Result "0-1"]
[WhiteElo "1782"]
[BlackElo "1662"]
[PlyCount "92"]
[GameId "2160767911805120"]
[EventDate "1999.05.04"]
[EventType "swiss"]
[EventRounds "4"]
[EventCountry "CAN"]
[SourceTitle "EXT 2022"]
[Source "ChessBase"]
[SourceDate "2021.10.06"]
[SourceVersion "1"]
[SourceVersionDate "2021.10.06"]
[SourceQuality "1"]

1. e4 e5 2. Nf3 Nc6 3. Bb5 a6 4. Ba4 b5 5. Bb3 Bb7 6. c3 Nf6 7. Bc2 Bc5 8. O-O d6 9. d3 O-O 10. a4 h6 11. d4 exd4 12. cxd4 Bb6 13. axb5 axb5 14. Rxa8 Bxa8 15. Na3 b4 16. Nc4 Ba7 17. d5 Ne7 18. Be3 Bxe3 19. Nxe3 c5 20. b3 Ng6 21. g3 Re8 22. Qb1 Nd7 23. Nc4 Nb6 24. Nxb6 Qxb6 25. Rd1 Bb7 26. Bd3 Ra8 27. Nd2 Ne5 28. Be2 Nd7 29. Nc4 Qc7 30. f4 f6 31. Qb2 Ba6 32. e5 fxe5 33. fxe5 Bxc4 34. Bxc4 Nxe5 35. Qxe5 dxe5 36. d6+ Qf7 37. Bxf7+ Kxf7 38. d7 Rd8 39. Rd5 Ke6 40. Rxc5 Rxd7 41. Rb5 Rd4 42. Rb6+ Kf5 43. Rb5 h5 44. h4 Kg4 45. Rxe5 Kxg3 46. Rxh5 Rd1# 0-1

[Event "Winnipeg TNT May op"]
[Site "Winnipeg CAN"]
[Date "1999.05.18"]
[Round "3"]
[White "Moffat, Ron"]
[Black "Czypinski, Jaroslaw"]
[Result "0-1"]
[WhiteElo "1667"]
[BlackElo "1944"]
[PlyCount "58"]
[GameId "2160767911805121"]
[EventDate "1999.05.04"]
[EventType "swiss"]
[EventRounds "4"]
[EventCountry "CAN"]
[SourceTitle "EXT 2022"]
[Source "ChessBase"]
[SourceDate "2021.10.06"]
[SourceVersion "1"]
[SourceVersionDate "2021.10.06"]
[SourceQuality "1"]

1. d4 Nf6 2. c4 e6 3. Nc3 Bb4 4. e3 b6 5. Nge2 Bb7 6. a3 Bxc3+ 7. Nxc3 O-O 8. Bd3 d5 9. O-O Nbd7 10. cxd5 Nxd5 11. Qc2 f5 12. Nxd5 Bxd5 13. e4 fxe4 14. Bxe4 Nf6 15. Bd3 Bb7 16. Rd1 Qd5 17. Bf1 Rac8 18. Bf4 Ne4 19. Be3 Rf6 20. f3 Ng5 21. Bc4 Nxf3+ 22. Kh1 Qh5 23. h3 Ng5 24. Bxg5 Qxg5 25. Rf1 Rcf8 26. Rxf6 Rxf6 27. Re1 Kf7 28. Bd3 Qg3 29. Qe2 Bxg2+ 0-1

[Event "Winnipeg TNT May op"]
[Site "Winnipeg CAN"]
[Date "1999.05.25"]
[Round "4"]
[White "Czypinski, Jaroslaw"]
[Black "Gibson, Kris"]
[Result "0-1"]
[WhiteElo "1944"]
[BlackElo "1734"]
[PlyCount "108"]
[GameId "2160767911805123"]
[EventDate "1999.05.04"]
[EventType "swiss"]
[EventRounds "4"]
[EventCountry "CAN"]
[SourceTitle "EXT 2022"]
[Source "ChessBase"]
[SourceDate "2021.10.06"]
[SourceVersion "1"]
[SourceVersionDate "2021.10.06"]
[SourceQuality "1"]

1. e4 c5 2. c3 Nf6 3. e5 Nd5 4. d4 cxd4 5. Nf3 d6 6. cxd4 Nc6 7. Bc4 dxe5 8. dxe5 e6 9. O-O Bc5 10. a3 a5 11. Bg5 Be7 12. Bxe7 Ncxe7 13. Nbd2 O-O 14. Ne4 Ng6 15. Nd6 Nxe5 16. Nxe5 Qxd6 17. Re1 Bd7 18. Nxd7 Qxd7 19. Qb3 a4 20. Qd3 Rfd8 21. Rad1 Qc7 22. Qe4 Nf6 23. Qe2 Rxd1 24. Rxd1 Ra5 25. Qd2 Nd5 26. Rc1 Rc5 27. Re1 Rxc4 28. Qxd5 Rc1 29. Qd2 Rxe1+ 30. Qxe1 Qc2 31. Qa1 e5 32. f3 f5 33. Qa2+ Qb3 34. Qb1 e4 35. fxe4 Qe3+ 36. Kf1 Qf4+ 37. Kg1 Qxe4 38. Qd1 Kf7 39. h3 Kf6 40. Qd6+ Kg5 41. Qg3+ Kh6 42. Qd6+ g6 43. Qd2+ f4 44. Qd8 Qe1+ 45. Kh2 Qg3+ 46. Kg1 f3 47. Qf8+ Kh5 48. Qxf3+ Qxf3 49. gxf3 Kg5 50. Kg2 Kf4 51. Kf2 g5 52. Kg2 Ke3 53. Kg3 h5 54. Kg2 h4 0-1